Science Quiz

Random Science or Elements Quiz

Secret Element Quiz Stats

 Plays Quiz Updated Dec 10, 2018

Support Sporcle.
Go Orange.
Score 0/118 Timer 01:30
0 Plays Today
% Correct
94.1%
He 
89.1%
87.4%
Li 
86%
Au 
85.7%
84.2%
83%
Ag 
82.4%
Na 
82.1%
Mg 
81.6%
Fe 
81.6%
Ne 
81.2%
Be 
81%
80.5%
Ar 
79.6%
Ca 
79.2%
Pb 
78.5%
Cu 
78.4%
Sn 
78.2%
Al 
77.6%
Xe 
77.5%
Mn 
77.1%
77.1%
Zn 
77%
Rn 
77%
Cl 
76.8%
Ba 
76.4%
Ra 
76.3%
Fr 
76.3%
76.3%
Es 
76.1%
Cs 
76.1%
Hg 
76.1%
Si 
76.1%
75.8%
Ni 
75.6%
Co 
75.5%
75.5%
Kr 
75.5%
Pu 
75.3%
% Correct
75.2%
75.2%
Ti 
75.2%
As 
74.9%
Pt 
74.9%
Sr 
74.7%
Cd 
74.6%
Br 
74.6%
74.6%
Rb 
74.5%
Se 
74.4%
Cf 
74.3%
Cm 
74.3%
Ge 
74.2%
Ga 
74.2%
74.2%
Bi 
74.1%
Sb 
74.1%
Cr 
74.1%
La 
74.1%
At 
74.1%
Mo 
73.9%
Yb 
73.9%
Sc 
73.9%
Rf 
73.9%
Po 
73.8%
Am 
73.8%
Ac 
73.7%
Zr 
73.7%
Ir 
73.7%
Os 
73.7%
Pd 
73.6%
Rh 
73.6%
Eu 
73.6%
Ce 
73.6%
Th 
73.6%
Hf 
73.5%
In 
73.5%
Tl 
73.5%
Er 
73.5%
% Correct
Re 
73.4%
Lr 
73.4%
Fm 
73.4%
Ru 
73.4%
Np 
73.4%
Tc 
73.4%
Bh 
73.4%
Bk 
73.3%
Md 
73.3%
Ta 
73.3%
Og 
73.3%
Gd 
73.3%
Te 
73.3%
Ds 
73.3%
Sg 
73.3%
Nb 
73.3%
Dy 
73.3%
Ts 
73.3%
Db 
73.3%
Ho 
73.2%
Sm 
73.2%
Tb 
73.2%
Tm 
73.2%
Pa 
73.2%
No 
73.2%
Hs 
73.2%
Cn 
73.2%
Lu 
73.2%
Mt 
73.2%
Lv 
73.2%
Nd 
73.2%
Rg 
73.2%
Fl 
73.2%
Mc 
73.2%
Pr 
73.2%
Nh 
73.2%
Pm 
73.2%
73.1%

You're not logged in!

Compare scores with friends on all Sporcle quizzes.
OR
Log In
Forgot?

From the Vault

How to Become a TV Character

by Hejman

This should have been titled 'How to Become an Answer on a Sporcle Quiz.'
Remove Ads.
Support Sporcle.
Get the best of Sporcle when you Go Orange. This ad-free experience offers more features, more stats, and more fun while also helping to support Sporcle. Thank you for becoming a member.

Show Comments

Extras

Top Quizzes Today


Score Distribution

Your Account Isn't Verified!

In order to create a playlist on Sporcle, you need to verify the email address you used during registration. Go to your Sporcle Settings to finish the process.

Report this User

Report this user for behavior that violates our Community Guidelines.

Details: